| 000 | 00695nam a2200241 u 4500 | ||
|---|---|---|---|
| 001 | 63201 | ||
| 005 | 20180714065530.0 | ||
| 008 | 150709s1998 mx r 000 0 spa d | ||
| 020 | _a9682321077 | ||
| 040 | _erda | ||
| 041 | 0 | _aspa | |
| 082 | 0 |
_a177.3 _bPER |
|
| 100 | 1 |
_aPérez Cortés, Sergio, _eautor |
|
| 245 | 1 | 3 |
_aLa prohibición de mentir / _cpor Sergio Pérez Cortés. |
| 250 | _aPrimera edición | ||
| 264 | 1 |
_aMéxico, D.F. : _bSiglo Veintiuno Editores, _c1998 |
|
| 300 |
_a185 páginas ; _c21 cm. |
||
| 336 |
_atexto _2rdacontent |
||
| 337 |
_asin mediaición _2rdamedia |
||
| 338 |
_avolumen _2rdacarrier |
||
| 490 | 0 | _aTeoría | |
| 650 | 4 | _aVerdad y mentira | |
| 999 |
_c63201 _d63201 |
||